Bee gees songs by lyrics, increasing difficulty - Statistics

General Stats
  • This quiz has been taken 6 times
  • The average score is 8 of 30
Answer Stats
Hint Difficulty Answer % Correct
And you come to me on a summer breeze keep me warm in your love then you softly leave Very easy How deep is your love
100%
That sweet city woman she moves through the light, controlling my mind and my soul Very easy Night fever
100%
You can tell by the way I use my walk, I'm a womans man, no time to talk Very easy Stayin' Alive
100%
Oh say you'll always be my baby, we can make it shine, we can take forever just a minute at a time Very easy More than a woman
80%
Goin' home, I just can't make it all alone, I really should be holding you holding you, loveing you loving you Easy Tragedy
80%
My baby moves at midnight, goes right on 'til the dawn, my woman takes me higher, my woman keeps me warm Easy You should be dancing
60%
My tears of love are a waste of time if I turn away, am I strong enough to see it through? Go crazy is what I will do Rather easy If I can't have you
40%
Oh, my love you're so good treating me so cruel, there you go with your fancy lies leaving me looking like a dumbstruck fool Easy Jive talkin'
40%
Oh, you and me girl has a love in store and it flows trough you and it flows through me Easy Too much heaven
40%
And where are you now, now that I need you, tears on my pillow wherever you go, I'll cry me a river that leads to your ocean Gettable Emotion
20%
First I rise, then I fall, seems like you don't want the love of this man at all Rather easy Fanny (Be tender with my love)
20%
I can think of younger days when living for my life was everything a man could want to do I could never see tomorrow Gettable How can you mend a broken heart
20%
I looked at the skies, holding my hands over my eyes, and I fell out of bed, hurting from the things that I said Rather Easy I started a joke
20%
But the morning when I woke-up, I was here and she was gone now I'm hanging on Rather easy Love so right
20%
Baby, I can't figure it out your kisses taste like honey, sweet lies don't give me no rise Easy Love you inside out
20%
In the event of something happening to me, there is something I would like you all to see, it's just a photograph of someone that I knew Rather hard New York mining disaster 1941
20%
Here we are in a room full of strangers, standing in the dark, where your eyes couldn't see me Rather hard Nights on broadway
20%
Faster than lightning is this heart of mine in the face of time, I carry on I'd like to take you where my rainbow ends Hard Spirits (Having flown)
20%
There's a light, a certain kind of light, that never shone on me Rather easy To love somebody
20%
I was a midnight rider on a cloud of smoke, I could make a woman hang on every single stroke Gettable Alone
0%
Like the bird in the wind like a tree in a storm, like the breath of a child the moment he's born Gettable Children of the world
0%
Now I look out on forever and it must be nice down there, and they call me Shenandora in the air Non-gettable Edge of universe
0%
When I was small and Christmas trees were tall, we used to love while others used to play Very hard First of may
0%
Baby, when I met you, there was peace unknown, I set out to get you with a fine-tooth comb Very hard Islands in the stream
0%
Tried to hitch a ride to San Francisco gotta do the things I wanna do Rather hard Massachusetts
0%
I feel my heartbeat when you run your fingers through my hair, I can tell you I can feel you by my side when you're not there Very hard One
0%
I never understood, maybe I have never had you, I have been lonely for you lately Hard Paying the price of love
0%
In the streets of New York City, every man can feel the cold, and I don't want no pity but I want my story told Non-gettable Wind of change
0%
Before you came my way I always stepped aside so afraid of love, and so alone inside Rather hard You stepped into my life
0%
I couldn't figure it out, you couldn't give me what everybody needs, shouldn't let you kick me when I'm bad, my baby. Easy You win again
0%
No matching quizzes found
Score Distribution
Percent of People with Each Score
Percentile by Number Answered
Your Score History
You have not taken this quiz